[Event "Rouen op 9th"]
[Site "Rouen"]
[Date "2016.12.17"]
[Round "1"]
[White "Le Roux, Jean Pierre"]
[Black "Dubois, Benjamin"]
[Result "1-0"]
[WhiteElo "2552"]
[BlackElo "1666"]
[PlyCount "63"]
[EventDate "2016.12.17"]
[EventType "swiss"]
[EventRounds "7"]
[EventCountry "FRA"]
[SourceTitle "CBM 176 Extra"]
[Source "ChessBase"]
[SourceDate "2017.03.02"]
[SourceVersion "1"]
[SourceVersionDate "2017.03.02"]
[SourceQuality "1"]

1. Nf3 d6 2. d4 Nf6 3. g3 Nbd7 4. Bg2 e5 5. c4 Be7 6. Nc3 c6 7. Qc2 Qc7 8. 0-0 Nb6 9. c5 dxc5 10. dxe5 Nfd5 11. Ne4 Nb4 12. Qb1 Bg4 13. Bf4 Bxf3 14. Bxf3 N4d5 15. Nd6+ Bxd6 16. exd6 Qd7 17. Qe4+ Qe6 18. Qxe6+ fxe6 19. Be5 Nf6 20. Rac1 Nbd7 21. Bc3 Rf8 22. e4 g6 23. Bg2 0-0-0 24. f4 Rde8 25. e5 Nd5 26. Bd2 N7b6 27. Rxc5 Kd7 28. Rcc1 Rf7 29. a4 Ref8 30. a5 Na4 31. b3 Nb2 32. Be4 1-0